000 00767nam a2200241Ia 4500
003 OSt
005 20220926015010.0
006 a|||||r|||| 00| 0
007 ta
008 220923b |||||||| |||| 00| 0 eng d
037 _cGeneral Book
040 _aRTL
_cRTL
_beng
041 _2eng
_aeng
082 _aX9(KZ33).73.N5s, J5
110 _aNational Industrial Conference Board (New York)
_9321456
245 0 _ameat packing
_b Basic industrial data
260 _aNew York
_bNational Industrial Conference Board USA
_c1955
300 _a68p.
_ccm.
650 _aAnimal husbandry Industry
700 _aNational Industrial Conference Board (New York)
_9321457
942 _hX9(KZ33).73.N5s, J5
_cGB
_2CC
999 _c630336
_d630336